00390nam a2200145 i 450000100060000000300090000600500170001500700030003200800410003510000200007624500520009626000530014830000220020185200210022352435ES-MaACL20230906162600.0t|030829q1922 fr ||||1| fre d1 aDauzat, Albert.13aLa geógraphie linguistique / cAlbert Dauzat. aParis : b[s.n., c1922] (eLagny : fE. Grevin) a200 p. ; c19 cm. aES-MaACLjB-2752